Responses for show #1323 - Wednesday, May 9, 1990

1990 College Championship quarterfinal game 3.

Contestants

[<< previous game]

Noah Smith, a freshman from Northwestern University

Matthew Miller, a junior from the University of Michigan

Julie Gross, a sophomore from Rice University

[next game >>]

Jeopardy! Round responses

SONGS OF THE '80s
HODGEPODGE
ANCIENT EGYPT
ABBREVIATIONS
SCIENCE
NURSERY RHYME ANIMALS
    $100 3
"I'll Be Watching You"

Matthew
    $100 19
Moscow

Matthew
    $100 28
papyrus

Julie
    $100 8
prime minister

Julie
    $100 16
computer viruses

Matthew
    $100 1
pig

Julie
    $300 4
"9 To 5"

Matthew
    $200 20
heads

Julie
    $200 29
Book of the Dead

Noah
    $200 14
James

Julie
    $200 23
magnetic north pole

Matthew
    $200 2
a cow

Matthew
    $300 5
"Time After Time"

Noah
    $300 21
(Elijah) Blue (Allman)

Julie
    $300 11
Memphis

Julie
    $300 15
lowercase

Noah
    $300 13
algae

Matthew
    $300 9
a whale

Julie
    $400 6
"Electric Avenue"

Matthew
    $400 22
(Noah: What is 4-H?)

The Girl Scouts

Noah
Triple Stumper
    $400 27
the Valley of the Kings

Matthew
    $400 17
Atmosphere

Matthew
    $400 24
Ivan Pavlov

Matthew
    $400 10
(Julie: What is a pony?)

Billy goat or mockingbird

JulieNoah
    $500 7
"Hungry Like The Wolf"

Triple Stumper
    $500 26
(Alex: One of them being Julie.)
(Julie: That's neat.)

Richard Nixon

Julie
    $500 30
Ptolemy

Noah
    $500 18
numero

Triple Stumper
    $500 25
(Julie: What is silver?)
...
(Alex: Less than a minute to go.)

aluminum

Julie
Triple Stumper
    $500 12
(Julie: What are lambs?)
(Noah: What are Mary's little lambs?)

Little Bo Peep's sheep

JulieNoah
Triple Stumper

Scores at the first commercial break (after clue 13):

Julie Matthew Noah
-$100 $1,300 $200

Scores at the end of the Jeopardy! Round:

Julie Matthew Noah
$700 $2,900 $800

Double Jeopardy! Round responses

FAMOUS AMERICANS
LANGUAGES
SHAKESPEAREAN CHARACTERS
ASIA
THE CIVIL WAR
BALLET
    $200 2
Dr. Martin Luther King, Jr.

Matthew
    $200 13
Africa

Julie
    $200 1
(Julie: Who is Gilbert?)

Guildenstern

JulieMatthew
    $200 29
the Soviet Union

Noah
    $200 26
Fort Sumter

Julie
    $200 30
The Prodigal Son

Matthew
    $400 3
Samuel Morse

Matthew
    $400 7
German

Noah
    $400 9
Romeo

Julie
    $400 12
Siam

Julie
    $400 18
Ulysses S. Grant

Noah
    $400 22
white

Julie
    $1,300 4
Lyndon B. Johnson

Matthew
    $600 6
Sanskrit

Julie
    $600 10
Cassio

Matthew
    $600 15
Himalayas

Noah
    $600 19
John Wilkes Booth

Noah
    $600 23
Franz Schubert

Matthew
    $800 5
Earl Warren

Noah
    $800 8
Creole

Julie
    $800 11
(Julie: Who is Hamlet?)

King Lear

JulieNoah
    $1,200 16
Vietnam

Noah
    $800 20
(Julie: What is the Battle of Shiloh?)

Gettysburg

Julie
Triple Stumper
    $800 27
The Firebird

Julie
    $1000 24
Daniel Webster

Julie
    $1000 14
Japan

Noah
    $1000 25
(Alex: And we have less than a minute to go.)

Duncan

Noah
    $1000 17
Burma (now Myanmar)

Noah
    $1000 21
(Julie: Who is McEllen?)
(Alex: Judges?... We'll accept it. Close enough.)

George McClellan

Julie
    $1000 28
(Julie: What is Billy the Kid?)

Rodeo

JulieNoah

Scores at the end of the Double Jeopardy! Round:

Julie Matthew Noah
$3,700 $6,400 $9,800

Final Jeopardy! Round responses

NATIONAL ANTHEMS
JulieWhat is the USA?
$3,600
MatthewWhat is France?
$3,400
NoahWhat is France?
$200
France ("La Marseillaise")

Final scores:

Julie Matthew Noah
$100 $9,800 $10,000
3rd place: $1,000 if eliminated 2nd place: $1,000 if eliminated Automatic semifinalist

Game dynamics:

Coryat scores:

Julie Matthew Noah
$3,700 $5,600 $9,400
19 R,
7 W
18 R
(including 2 DDs),
0 W
17 R
(including 1 DD),
2 W

Combined Coryat: $18,700

The J! Archive is created by fans, for fans. The Jeopardy! game show and all elements thereof, including but not limited to copyright and trademark thereto, are the property of Jeopardy Productions, Inc. and are protected under law. This website is not affiliated with, sponsored by, or operated by Jeopardy Productions, Inc. Join the discussion at JBoard.tv.